<?xml version="1.0" encoding="UTF-8"?>
<record
    xmlns:xsi="http://www.w3.org/2001/XMLSchema-instance"
    xsi:schemaLocation="http://www.loc.gov/MARC21/slim http://www.loc.gov/standards/marcxml/schema/MARC21slim.xsd"
    xmlns="http://www.loc.gov/MARC21/slim">

  <leader>00405nam a2200145Ia 4500</leader>
  <controlfield tag="008">230411s9999    xx            000 0 und d</controlfield>
  <datafield tag="020" ind1=" " ind2=" ">
    <subfield code="a">978-93-5025-137-9</subfield>
  </datafield>
  <datafield tag="041" ind1=" " ind2=" ">
    <subfield code="a">eng</subfield>
  </datafield>
  <datafield tag="082" ind1=" " ind2=" ">
    <subfield code="a">AD/371.33/BAS/B06589</subfield>
  </datafield>
  <datafield tag="100" ind1=" " ind2=" ">
    <subfield code="a">Basavanthappa BT</subfield>
  </datafield>
  <datafield tag="245" ind1=" " ind2=" ">
    <subfield code="a">Communication and Educational Technology for Nurses</subfield>
  </datafield>
  <datafield tag="260" ind1=" " ind2=" ">
    <subfield code="b">Jaypee Brothers</subfield>
    <subfield code="a">Bangalore</subfield>
    <subfield code="c">2011</subfield>
  </datafield>
  <datafield tag="300" ind1=" " ind2=" ">
    <subfield code="a">374p</subfield>
  </datafield>
  <datafield tag="999" ind1=" " ind2=" ">
    <subfield code="c">156956</subfield>
    <subfield code="d">156956</subfield>
  </datafield>
  <datafield tag="952" ind1=" " ind2=" ">
    <subfield code="0">0</subfield>
    <subfield code="1">0</subfield>
    <subfield code="4">0</subfield>
    <subfield code="7">0</subfield>
    <subfield code="8">AD</subfield>
    <subfield code="a">BTIN</subfield>
    <subfield code="b">BTIN</subfield>
    <subfield code="d">2011-02-25</subfield>
    <subfield code="e">Jaypee Brothers Medical Publishers</subfield>
    <subfield code="g">250.00</subfield>
    <subfield code="i">3107</subfield>
    <subfield code="l">0</subfield>
    <subfield code="o">AD 371.33 BAS B06589</subfield>
    <subfield code="p">BTIN-BK-6589</subfield>
    <subfield code="r">2023-04-11 00:00:00</subfield>
    <subfield code="v">182.00</subfield>
    <subfield code="w">2011-09-26</subfield>
    <subfield code="y">BK</subfield>
    <subfield code="z">B06589</subfield>
  </datafield>
  <datafield tag="952" ind1=" " ind2=" ">
    <subfield code="0">0</subfield>
    <subfield code="1">0</subfield>
    <subfield code="4">0</subfield>
    <subfield code="7">0</subfield>
    <subfield code="8">AD</subfield>
    <subfield code="a">BTIN</subfield>
    <subfield code="b">BTIN</subfield>
    <subfield code="d">2011-09-26</subfield>
    <subfield code="e">Jaypee Brothers Medical Publishers</subfield>
    <subfield code="g">275.00</subfield>
    <subfield code="i">3107</subfield>
    <subfield code="l">1</subfield>
    <subfield code="m">1</subfield>
    <subfield code="o">AD 371.33 BAS B06789</subfield>
    <subfield code="p">BTIN-BK-6789</subfield>
    <subfield code="r">2026-02-20 14:55:57</subfield>
    <subfield code="s">2024-12-18</subfield>
    <subfield code="v">201.00</subfield>
    <subfield code="w">2011-09-26</subfield>
    <subfield code="y">BK</subfield>
    <subfield code="z">B06789</subfield>
  </datafield>
  <datafield tag="952" ind1=" " ind2=" ">
    <subfield code="0">0</subfield>
    <subfield code="1">0</subfield>
    <subfield code="4">0</subfield>
    <subfield code="7">0</subfield>
    <subfield code="8">AD</subfield>
    <subfield code="a">BTIN</subfield>
    <subfield code="b">BTIN</subfield>
    <subfield code="d">2011-09-26</subfield>
    <subfield code="e">Jaypee Brothers Medical Publishers</subfield>
    <subfield code="g">275.00</subfield>
    <subfield code="i">3107</subfield>
    <subfield code="l">0</subfield>
    <subfield code="o">AD 371.33 BAS B06790</subfield>
    <subfield code="p">BTIN-BK-6790</subfield>
    <subfield code="r">2023-04-11 00:00:00</subfield>
    <subfield code="v">201.00</subfield>
    <subfield code="w">2011-09-26</subfield>
    <subfield code="y">BK</subfield>
    <subfield code="z">B06790</subfield>
  </datafield>
  <datafield tag="952" ind1=" " ind2=" ">
    <subfield code="0">0</subfield>
    <subfield code="1">0</subfield>
    <subfield code="4">0</subfield>
    <subfield code="7">0</subfield>
    <subfield code="8">AD</subfield>
    <subfield code="a">BTIN</subfield>
    <subfield code="b">BTIN</subfield>
    <subfield code="d">2011-09-26</subfield>
    <subfield code="e">Jaypee Brothers Medical Publishers</subfield>
    <subfield code="g">275.00</subfield>
    <subfield code="i">3107</subfield>
    <subfield code="l">0</subfield>
    <subfield code="o">AD 371.33 BAS B06791</subfield>
    <subfield code="p">BTIN-BK-6791</subfield>
    <subfield code="r">2023-04-11 00:00:00</subfield>
    <subfield code="v">201.00</subfield>
    <subfield code="w">2011-09-26</subfield>
    <subfield code="y">BK</subfield>
    <subfield code="z">B06791</subfield>
  </datafield>
  <datafield tag="952" ind1=" " ind2=" ">
    <subfield code="0">0</subfield>
    <subfield code="1">0</subfield>
    <subfield code="4">0</subfield>
    <subfield code="7">0</subfield>
    <subfield code="8">AD</subfield>
    <subfield code="a">BTIN</subfield>
    <subfield code="b">BTIN</subfield>
    <subfield code="d">2011-09-26</subfield>
    <subfield code="e">Jaypee Brothers Medical Publishers</subfield>
    <subfield code="g">275.00</subfield>
    <subfield code="i">3107</subfield>
    <subfield code="l">1</subfield>
    <subfield code="m">2</subfield>
    <subfield code="o">AD 371.33 BAS B06792</subfield>
    <subfield code="p">BTIN-BK-6792</subfield>
    <subfield code="r">2025-02-15 00:00:00</subfield>
    <subfield code="s">2025-01-17</subfield>
    <subfield code="v">201.00</subfield>
    <subfield code="w">2011-09-26</subfield>
    <subfield code="y">BK</subfield>
    <subfield code="z">B06792</subfield>
  </datafield>
  <datafield tag="952" ind1=" " ind2=" ">
    <subfield code="0">0</subfield>
    <subfield code="1">0</subfield>
    <subfield code="4">0</subfield>
    <subfield code="7">0</subfield>
    <subfield code="8">AD</subfield>
    <subfield code="a">BTIN</subfield>
    <subfield code="b">BTIN</subfield>
    <subfield code="d">2011-09-26</subfield>
    <subfield code="e">Jaypee Brothers Medical Publishers</subfield>
    <subfield code="g">275.00</subfield>
    <subfield code="i">3107</subfield>
    <subfield code="l">0</subfield>
    <subfield code="o">AD 371.33 BAS B06793</subfield>
    <subfield code="p">BTIN-BK-6793</subfield>
    <subfield code="r">2023-04-11 00:00:00</subfield>
    <subfield code="v">201.00</subfield>
    <subfield code="w">2011-09-26</subfield>
    <subfield code="y">BK</subfield>
    <subfield code="z">B06793</subfield>
  </datafield>
</record>
